|
|
|
|
| LEADER |
01865nam a2200445 i 4500 |
| 001 |
EBC1130375 |
| 003 |
MiAaPQ |
| 005 |
20200520144314.0 |
| 006 |
m o d | |
| 007 |
cr cnu|||||||| |
| 008 |
131112t20132013gw ob 001 idger|d |
| 020 |
|
|
|z 9783110297003
|
| 020 |
|
|
|a 9783110297188 (e-book)
|
| 035 |
|
|
|a (MiAaPQ)EBC1130375
|
| 035 |
|
|
|a (Au-PeEL)EBL1130375
|
| 035 |
|
|
|a (CaPaEBR)ebr10786150
|
| 035 |
|
|
|a (CaONFJC)MIL807920
|
| 035 |
|
|
|a (OCoLC)858762162
|
| 040 |
|
|
|a MiAaPQ
|b eng
|e rda
|e pn
|c MiAaPQ
|d MiAaPQ
|
| 050 |
|
4 |
|a PT2252
|b .Z4 2013
|
| 082 |
0 |
|
|a 754
|
| 100 |
1 |
|
|a Gottsched, Johann Christoph,
|d 1700-1766.
|
| 245 |
1 |
0 |
|a Briefwechsel.
|n Band 7,
|p August 1740-Oktober 1741 :
|b unter Einschluss des Briefwechsels von Luise Adelgunde Victorie Gottsched /
|c Johann Christoph Gottsched ; herausgegeben und bearbeitet von Detlef Doring [and three others].
|
| 246 |
1 |
|
|i Half title:
|a Johann Christoph Gottscheds Briefwechsel
|
| 250 |
|
|
|a Historisch-kritische Ausgabe.
|
| 264 |
|
1 |
|a Berlin :
|b De Gruyter,
|c [2013]
|
| 264 |
|
4 |
|c 2013
|
| 300 |
|
|
|a 1 online resource (754 pages)
|
| 336 |
|
|
|a text
|2 rdacontent
|
| 337 |
|
|
|a computer
|2 rdamedia
|
| 338 |
|
|
|a online resource
|2 rdacarrier
|
| 504 |
|
|
|a Includes bibliographical references and indexes.
|
| 588 |
|
|
|a Description based on online resource; title from PDF title page (ebrary, viewed November 11, 2013).
|
| 590 |
|
|
|a Electronic reproduction. Ann Arbor, MI : ProQuest, 2015. Available via World Wide Web. Access may be limited to ProQuest affiliated libraries.
|
| 600 |
1 |
0 |
|a Gottsched, Johann Christoph,
|d 1700-1766
|v Correspondence.
|
| 650 |
|
0 |
|a Authors, German
|v Correspondence.
|
| 655 |
|
4 |
|a Electronic books.
|
| 700 |
1 |
|
|a Doring, Detlef.
|
| 797 |
2 |
|
|a ProQuest (Firm)
|
| 856 |
4 |
0 |
|u https://ebookcentral.proquest.com/lib/matrademy/detail.action?docID=1130375
|z Click to View
|